[Event "Tournoi Skype 026A"]
[Site "Skype"]
[Date "????.??.??"]
[Round "5.31"]
[White "Chavero, Victor"]
[Black "Alvarez, Juan Evangelista"]
[Result "0-1"]
[WhiteElo "1457"]
[BlackElo "1535"]
[PlyCount "106"]

1. d4 d5 2. Nf3 Qd6 3. e3 Nc6 4. a3 Bg4 5. Nbd2 e5 6. Be2 e4 7. Ng1 Bxe2 8.
Qxe2 O-O-O 9. c4 Qg6 10. Qf1 Nf6 11. Ne2 dxc4 12. Nxc4 Nd5 13. Ng3 Re8 14. Qe2
h5 15. f3 exf3 16. Qxf3 Nxd4 17. Qxd5 Nc2+ 18. Kf2 Nxa1 19. Qf5+ Qe6 20. Qxe6+
Rxe6 21. e4 h4 22. Ne2 Rxe4 23. Ne3 Bc5 24. b4 Bb6 25. Nc3 Re6 26. Ncd5 Bd4 27.
Kf3 g5 28. Nf5 Nc2 29. Nde7+ Kb8 30. Rd1 Ne1+ 31. Kg4 Re4+ 32. Kxg5 f6+ 33. Kg6
Rg4+ 34. Kf7 Nxg2 35. Nxd4 Rh7+ 36. Kxf6 Rgg7 37. Ndf5 Rf7+ 38. Kg6 b6 39. Ng8
h3 40. Nf6 Nh4+ 41. Nxh4 Rfg7+ 42. Kf5 Rxh4 43. Bb2 Rg2 44. Nd7+ Kb7 45. Bf6
Rhg4 46. Ke5 Rxh2 47. Kf5 Rgg2 48. Be5 Rf2+ 49. Ke6 Rhg2 50. Rh1 h2 51. Bxh2
Rxh2 52. Rxh2 Rxh2 53. a4 Kc6 0-1

[Event "Tournoi Skype 026A"]
[Site "Skype"]
[Date "????.??.??"]
[Round "5.32"]
[White "Lucena Vaz, Jose"]
[Black "Rushdi, Tuan"]
[Result "1-0"]
[WhiteElo "1510"]
[BlackElo "1467"]
[PlyCount "69"]

1. e4 c5 2. Nf3 g6 3. c3 Bg7 4. Bc4 e6 5. d3 d5 6. Bb5+ Nd7 7. e5 a6 8. Qa4 Ne7
9. Bg5 h6 10. Bxe7 Qxe7 11. d4 cxd4 12. cxd4 O-O 13. Bxd7 Bxd7 14. Qb3 Bb5 15.
Nbd2 Rac8 16. a4 Bc4 17. Nxc4 dxc4 18. Qc3 b5 19. axb5 axb5 20. O-O b4 21. Qc2
c3 22. b3 Ra8 23. Rfb1 Qb7 24. Ne1 Rxa1 25. Rxa1 Ra8 26. Rb1 Qd5 27. Nd3 Qxd4
28. Rd1 Qe4 29. Re1 Qd4 30. Rd1 Bxe5 31. Nc1 Qa7 32. Nd3 Qd4 33. Ne1 Qb6 34.
Qe4 Qc7 35. Qxa8+ 1-0

[Event "Tournoi Skype 026A"]
[Site "Skype"]
[Date "????.??.??"]
[Round "5.33"]
[White "Scata, Laura"]
[Black "Bankhede, Shivkumar"]
[Result "0-1"]
[WhiteElo "1440"]
[BlackElo "1377"]
[PlyCount "62"]

1. d4 d5 2. Bf4 Nf6 3. Nf3 c6 4. e3 Nbd7 5. Bd3 e6 6. Nbd2 Be7 7. c3 h6 8. h3
O-O 9. O-O Qb6 10. Qc2 Nh5 11. Bh2 c5 12. Qb3 c4 13. Qxb6 Nxb6 14. Bc2 Bd7 15.
b3 cxb3 16. axb3 a6 17. c4 dxc4 18. bxc4 Rac8 19. c5 Nd5 20. Ne5 Be8 21. Rfb1
Bb5 22. Ba4 Nc3 23. Rb4 Nxa4 24. Raxa4 Bxa4 25. Rxa4 Nf6 26. Rb4 b5 27. cxb6
Bxb4 28. Ndc4 a5 29. b7 Rb8 30. Nd7 Rxb7 31. Nxf8 Kxf8 0-1

[Event "Tournoi Skype 026A"]
[Site "Skype"]
[Date "????.??.??"]
[Round "5.34"]
[White "Navghane, Rahul"]
[Black "Ram, Madhukesh"]
[Result "0-1"]
[WhiteElo "1561"]
[BlackElo "1540"]
[PlyCount "74"]

1. e4 c6 2. d4 d5 3. e5 Bf5 4. Bd3 Bxd3 5. Qxd3 e6 6. Nf3 Ne7 7. Nc3 Ng6 8. h4
h5 9. Bg5 Be7 10. O-O Nd7 11. Bxe7 Qxe7 12. g3 O-O 13. a3 a6 14. Rae1 Rac8 15.
b4 Nb6 16. Nh2 Nc4 17. Ne2 Nb2 18. Qf3 Nc4 19. Qd3 b5 20. f4 Qa7 21. Nf3 Ne7
22. Kh2 Nf5 23. Ra1 Nfe3 24. Rf2 Ng4+ 25. Kg2 Nxf2 26. Kxf2 a5 27. Qc3 Ra8 28.
Nc1 axb4 29. Qxb4 Qa4 30. c3 Qc2+ 31. Kg1 Qd1+ 32. Kf2 Qc2+ 33. Kg1 Ne3 34. Ne1
Qd2 35. Ncd3 Qe2 36. Qb3 Qf1+ 37. Kh2 Ng4# 0-1

[Event "Tournoi Skype 026A"]
[Site "Skype"]
[Date "????.??.??"]
[Round "6.1"]
[White "Benson, Paul"]
[Black "Siret, Bernard"]
[Result "1-0"]
[WhiteElo "2052"]
[BlackElo "2063"]
[PlyCount "55"]

1. d4 d5 2. Nc3 c5 3. e4 dxe4 4. d5 Nf6 5. Bb5+ Nbd7 6. Bg5 a6 7. Bxd7+ Qxd7 8.
Bxf6 exf6 9. Nxe4 Be7 10. Nf3 Qb5 11. d6 Qb4+ 12. Nfd2 Bd8 13. O-O O-O 14. c3
Qxb2 15. Nxc5 Qb6 16. Ndb3 Be6 17. Nxe6 fxe6 18. c4 Qc6 19. c5 Rf7 20. Qe2 e5
21. Rac1 a5 22. f4 a4 23. fxe5 axb3 24. e6 Rxa2 25. exf7+ Kxf7 26. Qc4+ Kf8 27.
Rf2 Rxf2 28. Kxf2 1-0

[Event "Tournoi Skype 026A"]
[Site "Skype"]
[Date "????.??.??"]
[Round "6.2"]
[White "Deville, Olivier"]
[Black "Lopez, Jose Luis"]
[Result "1/2-1/2"]
[WhiteElo "2081"]
[BlackElo "1879"]
[PlyCount "42"]

1. d4 Nf6 2. c4 e6 3. Nf3 b6 4. a3 Bb7 5. Nc3 d5 6. cxd5 Nxd5 7. Qc2 c5 8. e4
Nxc3 9. bxc3 Be7 10. Bd3 O-O 11. O-O Nc6 12. Bb2 Rc8 13. Qe2 g6 14. Rfe1 Bf6
15. e5 Bg7 16. Rad1 cxd4 17. cxd4 Ne7 18. Ng5 Nf5 19. Bxf5 gxf5 20. Qh5 h6 21.
Nh3 Rc2 1/2-1/2

[Event "Tournoi Skype 026A"]
[Site "Skype"]
[Date "????.??.??"]
[Round "6.3"]
[White "Dal, Ibrahim"]
[Black "Diaz, Jose Garcia"]
[Result "1/2-1/2"]
[WhiteElo "1870"]
[BlackElo "1839"]
[PlyCount "46"]

1. d4 d5 2. c4 c6 3. Nc3 e6 4. Nf3 Nf6 5. Bg5 Bb4 6. e3 Bxc3+ 7. bxc3 Qa5 8.
Bxf6 Qxc3+ 9. Nd2 gxf6 10. Rc1 Qa3 11. cxd5 exd5 12. Be2 Be6 13. O-O Nd7 14. e4
Rg8 15. g3 Nb6 16. Re1 Kd7 17. Qc2 Rac8 18. exd5 cxd5 19. Bb5+ Kd6 20. Qb1 Rxc1
21. Rxc1 Bf5 22. Qa1 Qb4 23. Qc3 Qxc3 1/2-1/2

[Event "Tournoi Skype 026A"]
[Site "Skype"]
[Date "????.??.??"]
[Round "6.4"]
[White "Altinok, Selim"]
[Black "Ibarra Cantu, Raul Alberto"]
[Result "1-0"]
[WhiteElo "1921"]
[BlackElo "1947"]
[PlyCount "69"]

1. Nf3 Nf6 2. d4 g6 3. c4 Bg7 4. Nc3 O-O 5. e4 d6 6. Be2 e5 7. dxe5 dxe5 8.
Qxd8 Rxd8 9. Bg5 Re8 10. O-O c6 11. Rfd1 h6 12. Bc1 Na6 13. Ne1 Nc5 14. f3 Bf8
15. Be3 b6 16. Rd2 Be6 17. b4 Nb7 18. Nc2 Nd6 19. c5 bxc5 20. Bxc5 Nb7 21. Bxf8
Kxf8 22. Ba6 Rab8 23. Rad1 Ke7 24. Ne3 Red8 25. Rxd8 Nxd8 26. a3 Ne8 27. Bc4
Nd6 28. Bxe6 Nxe6 29. Na4 a5 30. bxa5 Ra8 31. Nb6 Rxa5 32. Rxd6 Rxa3 33. Nec4
Nd4 34. Rd7+ Ke6 35. Nxa3 1-0

[Event "Tournoi Skype 026A"]
[Site "Skype"]
[Date "????.??.??"]
[Round "6.5"]
[White "Rapaire, Jean-Michel"]
[Black "Lambert, Pierre"]
[Result "1-0"]
[WhiteElo "1701"]
[BlackElo "1902"]
[PlyCount "99"]

1. e4 e5 2. Nf3 Nc6 3. Bb5 a6 4. Bxc6 dxc6 5. d4 exd4 6. Qxd4 Qxd4 7. Nxd4 Nf6
8. f3 Bc5 9. Be3 O-O 10. c3 Re8 11. Kf2 Bd7 12. Nd2 Rad8 13. N2b3 Bb6 14. Rhd1
c5 15. Nc2 Ba4 16. Rxd8 Rxd8 17. Rc1 Rd3 18. Ne1 Rd8 19. Ke2 Bb5+ 20. c4 Bc6
21. Bxc5 Bxc5 22. Nxc5 Ne8 23. Rd1 Rxd1 24. Kxd1 Nd6 25. b3 Kf8 26. Nc2 b5 27.
Nb4 Be8 28. e5 Nf5 29. Ke2 bxc4 30. bxc4 a5 31. Nd5 c6 32. Ne3 Nd4+ 33. Kd3 Ne6
34. Nxe6+ fxe6 35. c5 Bg6+ 36. Kd4 Bb1 37. a3 Ba2 38. Nd1 Ke7 39. Nb2 Kd7 40.
f4 Bd5 41. g4 Bf3 42. h3 h5 43. gxh5 Bxh5 44. Nc4 Kc7 45. Nxa5 Bf3 46. Nc4 Kb7
47. Nd6+ Ka6 48. h4 Ka5 49. f5 Bg4 50. f6 1-0

[Event "Tournoi Skype 026A"]
[Site "Skype"]
[Date "????.??.??"]
[Round "6.6"]
[White "Grosso, Raul"]
[Black "Yeter, Orhan"]
[Result "1-0"]
[WhiteElo "1871"]
[BlackElo "1595"]
[PlyCount "127"]

1. Nf3 Nf6 2. g3 g6 3. b4 Bg7 4. Bb2 O-O 5. Bg2 d6 6. O-O e5 7. d3 Re8 8. Nbd2
Nc6 9. b5 Nb8 10. a4 e4 11. dxe4 Nxe4 12. Bxg7 Kxg7 13. Nxe4 Rxe4 14. Nd4 Re8
15. c4 Nd7 16. Qd2 Nf6 17. Nb3 Rb8 18. a5 Qe7 19. Rfe1 Be6 20. Qc3 Kg8 21. Nd4
Bd7 22. a6 bxa6 23. Rxa6 Ne4 24. Qf3 Ra8 25. Rea1 Qe5 26. Qxe4 Qxe4 27. Bxe4
Rxe4 28. e3 Be6 29. Rc6 h5 30. Rxc7 h4 31. Ra6 hxg3 32. hxg3 d5 33. c5 Bc8 34.
Raxa7 Rxa7 35. Rxa7 Re8 36. b6 Kf8 37. b7 Bxb7 38. Rxb7 Rc8 39. c6 Ke8 40. Rd7
Rxc6 41. Nxc6 Kxd7 42. Nd4 Ke7 43. Kg2 Kd6 44. f4 f5 45. Kf3 Ke7 46. g4 fxg4+
47. Kxg4 Kf6 48. Nc6 Kf7 49. Kg5 Kg7 50. Ne7 Kf7 51. Nxd5 Ke6 52. e4 Kf7 53.
Kh6 Kf8 54. Kxg6 Kg8 55. e5 Kf8 56. f5 Ke8 57. Kg7 Kd7 58. Kf7 Kd8 59. e6 Kc8
60. e7 Kd7 61. e8=Q+ Kd6 62. Qe6+ Kc5 63. Ne7 Kd4 64. f6 1-0

[Event "Tournoi Skype 026A"]
[Site "Skype"]
[Date "????.??.??"]
[Round "6.7"]
[White "Martinez Quintero, Javier"]
[Black "Rico Hernandez, Edgar"]
[Result "0-1"]
[WhiteElo "1794"]
[BlackElo "1840"]
[PlyCount "122"]

1. d4 d5 2. c4 e6 3. Nc3 Nf6 4. Nf3 Nbd7 5. e3 c6 6. a3 Bd6 7. b4 O-O 8. c5 Bc7
9. Bb2 e5 10. dxe5 Nxe5 11. Be2 Qe7 12. h3 Bf5 13. O-O Nxf3+ 14. Bxf3 Qe5 15.
g3 Bxh3 16. Bg2 Bxg2 17. Kxg2 Qf5 18. Ne2 Rfe8 19. Nd4 Qe4+ 20. Qf3 Qxf3+ 21.
Nxf3 Ne4 22. Rh1 Re6 23. Rh4 Rae8 24. Rah1 h6 25. Rg4 Rg6 26. Rxg6 fxg6 27. Nh4
Kf7 28. f4 Nd2 29. Bd4 Nc4 30. Kf3 a6 31. a4 Nd2+ 32. Ke2 Ne4 33. Kf3 Bb8 34.
g4 Bc7 35. Kg2 Nd2 36. g5 Nc4 37. Kf2 h5 38. f5 gxf5 39. g6+ Kg8 40. Nxf5 Ne5
41. Rxh5 Nxg6 42. Nxg7 Rf8+ 43. Ke2 Rf7 44. Ne6 Re7 45. Nxc7 Nf4+ 46. Kf3 Nxh5
47. Na8 Ng7 48. Nb6 Nf5 49. Nc8 Nxd4+ 50. exd4 Re4 51. Nd6 Rxd4 52. Nxb7 Rxb4
53. Na5 Rxa4 54. Nxc6 Rc4 55. Ne7+ Kf7 56. Nxd5 Rxc5 57. Ke4 a5 58. Kd4 Rc1 59.
Nc3 Rc2 60. Kc4 Rb2 61. Na4 Rb4+ 0-1

[Event "Tournoi Skype 026A"]
[Site "Skype"]
[Date "????.??.??"]
[Round "6.8"]
[White "Segura Lozano, Marcos Antonio"]
[Black "Legueltel, Daniel"]
[Result "1-0"]
[WhiteElo "1834"]
[BlackElo "1617"]
[PlyCount "43"]

1. d4 Nf6 2. c4 e6 3. Nf3 d5 4. e3 c5 5. Be2 Nc6 6. Nc3 Be7 7. O-O O-O 8. b3 b6
9. Bb2 Bb7 10. dxc5 Bxc5 11. Rc1 Rc8 12. Nb5 Na5 13. Qc2 dxc4 14. Rfd1 Qe7 15.
Ng5 g6 16. Qc3 h6 17. Rd7 Bb4 18. Qe5 Nc6 19. Rxe7 Nxe5 20. Rxb7 hxg5 21. Bxe5
Nd7 22. Rxd7 1-0

[Event "Tournoi Skype 026A"]
[Site "Skype"]
[Date "????.??.??"]
[Round "6.9"]
[White "Khabou, Taha"]
[Black "Karia, Vijay"]
[Result "1-0"]
[WhiteElo "1547"]
[BlackElo "1816"]
[PlyCount "59"]

1. d4 d5 2. Bf4 c5 3. c3 Qb6 4. Qb3 Nf6 5. e3 Bf5 6. dxc5 Qxb3 7. axb3 Nbd7 8.
b4 h6 9. Na3 a6 10. Nb5 Rc8 11. c6 Rxc6 12. Nd4 Rb6 13. Bc7 Be4 14. Bxb6 Nxb6
15. b5 axb5 16. Nxb5 e5 17. Ra7 Nfd7 18. Rxb7 Be7 19. Nf3 f6 20. Nd2 Bf5 21.
Nc7+ Kd8 22. Bb5 Kc8 23. Bc6 Nc5 24. Ra7 Kb8 25. Nb5 Ncd7 26. e4 dxe4 27. Nc4
Bc5 28. O-O Rc8 29. Rb7+ Ka8 30. Rxb6+ 1-0

[Event "Tournoi Skype 026A"]
[Site "Skype"]
[Date "????.??.??"]
[Round "6.11"]
[White "Silva, Rodrigo De Souza"]
[Black "Montalvo, Mario"]
[Result "1/2-1/2"]
[WhiteElo "1893"]
[BlackElo "1639"]
[PlyCount "39"]

1. e4 d6 2. d4 Nf6 3. Nc3 g6 4. Be3 c6 5. Qd2 b5 6. f3 Qc7 7. g4 h5 8. g5 Nfd7
9. f4 Bg7 10. Nf3 b4 11. Ne2 a5 12. Nh4 c5 13. f5 cxd4 14. Bxd4 Bxd4 15. Qxd4
Ne5 16. fxg6 fxg6 17. O-O-O Nbc6 18. Qg1 Be6 19. Kb1 O-O 20. Nc1 1/2-1/2

[Event "Tournoi Skype 026A"]
[Site "Skype"]
[Date "????.??.??"]
[Round "6.12"]
[White "Lovell, Stan"]
[Black "Mayor Martinez, Juan Jose"]
[Result "0-1"]
[WhiteElo "1634"]
[BlackElo "1892"]
[PlyCount "84"]

1. d4 Nf6 2. Bf4 d5 3. Nf3 e6 4. e3 Bd6 5. Bg3 O-O 6. Bd3 c5 7. c3 c4 8. Be2 b5
9. O-O Ne4 10. Bxd6 Nxd6 11. Nbd2 f5 12. a4 Bd7 13. axb5 Bxb5 14. Qc2 Nd7 15.
Rfb1 Ne4 16. Rf1 a5 17. Nxe4 fxe4 18. Ne1 Nf6 19. f3 a4 20. fxe4 Nxe4 21. Nf3
Qe7 22. Ra3 Rab8 23. Qc1 Rf6 24. Bd1 Qb7 25. Bc2 Nd6 26. Qb1 g6 27. Rf2 Ne4 28.
Bxe4 dxe4 29. Ng5 Rxf2 30. Kxf2 Bc6 31. Ra2 h6 32. Nh3 Rf8+ 33. Ke2 Qf7 34. Qe1
Qf5 35. Qg1 Qg4+ 36. Kd2 g5 37. Ra1 Qf5 38. Ke2 Rb8 39. Rb1 Qb5 40. Nf2 a3 41.
Nd1 Qb3 42. Kd2 Ba4 0-1

[Event "Tournoi Skype 026A"]
[Site "Skype"]
[Date "????.??.??"]
[Round "6.13"]
[White "Teles, Jeferson Lisboa"]
[Black "Engstrom, Olle"]
[Result "1/2-1/2"]
[WhiteElo "1552"]
[BlackElo "1771"]
[PlyCount "90"]

1. e4 c6 2. Nf3 d5 3. e5 Bf5 4. d4 e6 5. Bd3 Bxd3 6. Qxd3 Qa5+ 7. Bd2 Qa6 8.
Qxa6 Nxa6 9. O-O c5 10. a3 cxd4 11. Nxd4 Bc5 12. Nb5 Kd7 13. b4 Be7 14. N1c3
Nc7 15. Be3 Nxb5 16. Nxb5 a6 17. Nd4 f6 18. f4 f5 19. Nb3 Rc8 20. Rac1 Nh6 21.
h3 Nf7 22. Nc5+ Bxc5 23. Bxc5 Rc6 24. c4 Rhc8 25. cxd5 exd5 26. Be3 Rxc1 27.
Rxc1 Rxc1+ 28. Bxc1 Nd8 29. Kf2 Ne6 30. Ke3 b5 31. g4 g6 32. gxf5 gxf5 33. h4
h5 34. Bb2 Kc7 35. Bd4 Kc6 36. Bb2 Kd7 37. Bd4 Kc7 38. Bb2 Kc6 39. Bd4 Kd7 40.
Bb2 Kc7 41. Bd4 Kc6 42. Bb2 d4+ 43. Bxd4 Kd5 44. Bb2 Kc4 45. Kf3 Kb3 1/2-1/2

[Event "Tournoi Skype 026A"]
[Site "Skype"]
[Date "????.??.??"]
[Round "6.14"]
[White "Casey, Eamonn"]
[Black "Saponara, Jose Maria"]
[Result "1/2-1/2"]
[WhiteElo "1575"]
[BlackElo "1756"]
[PlyCount "48"]

1. d4 Nf6 2. c4 e5 3. dxe5 Ng4 4. Nf3 Bc5 5. e3 Nc6 6. Nc3 O-O 7. Be2 Ngxe5 8.
Nxe5 Nxe5 9. O-O a6 10. b3 d6 11. Bb2 Re8 12. Qc2 Re6 13. Ne4 Ba7 14. Qc3 f5
15. Ng3 Rg6 16. Bh5 Rf6 17. Be2 Qe7 18. Nh5 Rg6 19. f4 Nc6 20. Rf3 Bd7 21. Kh1
Rf8 22. Re1 Rf7 23. Bd3 Qh4 24. Rh3 Qe7 1/2-1/2

[Event "Tournoi Skype 026A"]
[Site "Skype"]
[Date "????.??.??"]
[Round "6.15"]
[White "Perrone, Gabriel Lorenzo"]
[Black "Le Brun, Yves"]
[Result "1-0"]
[WhiteElo "1603"]
[BlackElo "1719"]
[PlyCount "41"]

1. d4 Nf6 2. c4 c6 3. Nc3 d5 4. Nf3 Bf5 5. e3 e6 6. Bd3 Bg6 7. Ne5 Bd6 8. cxd5
Nxd5 9. Qc2 Bxe5 10. Bxg6 hxg6 11. dxe5 Nd7 12. e4 Nb4 13. Qd1 Nxe5 14. O-O Qh4
15. h3 Nbd3 16. f4 O-O-O 17. fxe5 Nxe5 18. Qe2 g5 19. Qf2 Kb8 20. Qxh4 Rxh4 21.
Bxg5 1-0

[Event "Tournoi Skype 026A"]
[Site "Skype"]
[Date "????.??.??"]
[Round "6.16"]
[White "Murgia, Stefano"]
[Black "Mordaa, Ahmad"]
[Result "1-0"]
[WhiteElo "1811"]
[BlackElo "1561"]
[PlyCount "49"]

1. e4 e6 2. d4 d5 3. Nc3 c5 4. exd5 exd5 5. dxc5 Nf6 6. Be3 Nc6 7. Nge2 Qa5 8.
Nd4 Bxc5 9. Nb3 Qd8 10. Bxc5 Ne7 11. Bb5+ Bd7 12. Qe2 Bxb5 13. Nxb5 a6 14. Nd6+
Kf8 15. Nf5 Nfg8 16. O-O b6 17. Ba3 Ra7 18. Rfe1 Qd7 19. Nbd4 g6 20. Nxe7 Nxe7
21. Qe5 Rg8 22. Qf6 Ke8 23. Nc6 Rc7 24. Rxe7+ Qxe7 25. Nxe7 1-0

[Event "Tournoi Skype 026A"]
[Site "Skype"]
[Date "????.??.??"]
[Round "6.17"]
[White "Calcino, Luis"]
[Black "Thoune, Jim"]
[Result "1-0"]
[WhiteElo "1724"]
[BlackElo "1553"]
[PlyCount "81"]

1. e4 c6 2. d4 d5 3. e5 Bf5 4. Nd2 e6 5. g4 Bg6 6. Ne2 Ne7 7. Ng3 h6 8. Be2 Nd7
9. O-O Bh7 10. f4 Qc7 11. a4 c5 12. Nb3 cxd4 13. Nxd4 a6 14. Rf3 Rc8 15. c3 Ng6
16. Nh5 Nc5 17. Re3 Ne4 18. Bd3 Ne7 19. Ng3 Nxg3 20. Bxh7 Rxh7 21. Rxg3 Nc6 22.
Be3 Be7 23. Qe2 Nxd4 24. Bxd4 Qc4 25. Re3 Qxe2 26. Rxe2 h5 27. Rg2 g6 28. b4
Kd7 29. g5 Rc4 30. Rb2 Rh8 31. a5 Rhc8 32. Rd1 Rxc3 33. Bxc3 Rxc3 34. Rd4 Kc6
35. Kf1 Kb5 36. Ke2 Rh3 37. Kd1 Rc3 38. Kd2 Rc4 39. Rxc4 dxc4 40. Kc3 Bxb4+ 41.
Rxb4+ 1-0

[Event "Tournoi Skype 026A"]
[Site "Skype"]
[Date "????.??.??"]
[Round "6.19"]
[White "Sepulveda, Lyda Marcela"]
[Black "Aranzubia, Desiderio"]
[Result "1/2-1/2"]
[WhiteElo "1653"]
[BlackElo "1554"]
[PlyCount "28"]

1. e4 c5 2. Nf3 Nc6 3. d4 cxd4 4. Nxd4 e6 5. Nc3 a6 6. Be3 d6 7. Be2 Be7 8. f4
Nf6 9. O-O e5 10. Nf5 Bf8 11. g4 g6 12. Nh6 Bxh6 13. g5 Bg7 14. gxf6 Bxf6
1/2-1/2

[Event "Tournoi Skype 026A"]
[Site "Skype"]
[Date "????.??.??"]
[Round "6.20"]
[White "Khunte, Aniruddha"]
[Black "Salazar Ticeran, Antonio"]
[Result "0-1"]
[WhiteElo "1650"]
[BlackElo "1541"]
[PlyCount "178"]

1. e4 c5 2. Nf3 Nc6 3. d4 cxd4 4. Nxd4 Nf6 5. Nc3 e5 6. Nb3 Bb4 7. Bg5 h6 8.
Bxf6 Qxf6 9. Qd2 O-O 10. a3 Bxc3 11. Qxc3 d6 12. Be2 Be6 13. Na5 Nd4 14. Qd2 b6
15. Nc4 Bxc4 16. Bxc4 Rac8 17. Bd3 Rc7 18. O-O Rfc8 19. c3 Nb3 20. Qd1 Nxa1 21.
Ba6 Rd8 22. Qxa1 Qf4 23. Re1 Rc5 24. Bd3 d5 25. Qd1 Qg5 26. Qf3 Qe7 27. h3 g6
28. Qg3 Kg7 29. Bc2 dxe4 30. Bxe4 Rd2 31. b4 Rc7 32. Bb1 Rcd7 33. Kh2 Qd6 34.
Rxe5 Rd1 35. Ba2 f6 36. Re8 Qxg3+ 37. Kxg3 R1d2 38. Be6 R7d3+ 39. f3 Rxc3 40.
Re7+ Kf8 41. Rxa7 Rcc2 42. Rf7+ Ke8 43. Rb7 Rxg2+ 44. Kf4 Rcf2 45. Bd5 g5+ 46.
Kf5 Rd2 47. Bc6+ Kd8 48. Kxf6 Rd6+ 49. Ke5 Rxc6 50. Kd5 Rc8 51. Kd6 Rd2+ 52.
Ke6 Rc6+ 53. Ke5 Rd7 54. Rb8+ Kc7 55. Rh8 b5 56. Rf8 Rd3 57. Rf7+ Kb6 58. f4
gxf4 59. Rxf4 Rxh3 60. Rf8 Rxa3 61. Rb8+ Kc7 62. Rxb5 Raa6 63. Rd5 Re6+ 64. Kf5
Rf6+ 65. Kg4 Ra4 66. Rd4 Rg6+ 67. Kh5 Rb6 68. Rc4+ Rc6 69. Rg4 Kb6 70. Re4 Kb5
71. Re5+ Kc4 72. Re4+ Kb3 73. Re3+ Kxb4 74. Re4+ Rc4 75. Re6 Ra5+ 76. Kxh6 Rh4+
77. Kg6 Kb5 78. Re5+ Ka4 79. Re6 Rg4+ 80. Kf6 Rag5 81. Ra6+ Kb5 82. Ra1 Rg6+
83. Kf5 R4g5+ 84. Kf4 Rc5 85. Rb1+ Kc6 86. Ke4 Re6+ 87. Kf4 Rc4+ 88. Kf5 Ree4
89. Rh1 Rf4+ 0-1

[Event "Tournoi Skype 026A"]
[Site "Skype"]
[Date "????.??.??"]
[Round "6.21"]
[White "Khetre, Gaurav"]
[Black "Trivedi, Viral"]
[Result "1/2-1/2"]
[WhiteElo "1640"]
[BlackElo "1550"]
[PlyCount "30"]

1. d4 e6 2. c4 f5 3. Nc3 Nf6 4. g3 d5 5. Bg2 c6 6. Nf3 Bd6 7. O-O O-O 8. b3 Qe7
9. Bb2 Nbd7 10. a4 b6 11. Qc1 Bb7 12. Re1 Ne4 13. Nxe4 fxe4 14. Nd2 c5 15. cxd5
exd5 1/2-1/2

[Event "Tournoi Skype 026A"]
[Site "Skype"]
[Date "????.??.??"]
[Round "6.22"]
[White "Rajpurohit, Dinesh"]
[Black "Vasquez, Oscar"]
[Result "1-0"]
[WhiteElo "1555"]
[BlackElo "1599"]
[PlyCount "77"]

1. e4 d5 2. Nf3 dxe4 3. Ng5 Bf5 4. Nc3 Nf6 5. Bc4 e6 6. Qe2 Bc5 7. Ngxe4 Nxe4
8. Nxe4 Bb6 9. O-O O-O 10. d3 Nc6 11. c3 a6 12. Bb3 h6 13. Bf4 Qe7 14. Ng3 Bh7
15. Bc2 Rad8 16. d4 Bxc2 17. Qxc2 Qf6 18. Nh5 Qh4 19. Qe2 g6 20. Bxh6 Rfe8 21.
Ng7 Qxh6 22. Nxe8 Rxe8 23. Rad1 Ne7 24. Rd3 Nd5 25. Qe5 c6 26. Rh3 Qg7 27. Qe4
Bc7 28. Rf3 Nf6 29. Qe2 Nh5 30. g3 Qh6 31. a4 Qg5 32. Kh1 Qh6 33. Re1 Nf6 34.
Rxf6 Bd8 35. Rf3 Kg7 36. Qe5+ f6 37. Qd6 Be7 38. Qxe6 g5 39. Qd7 1-0

[Event "Tournoi Skype 026A"]
[Site "Skype"]
[Date "????.??.??"]
[Round "6.23"]
[White "Carballo, Jorge"]
[Black "Castillo, Jesus"]
[Result "1-0"]
[WhiteElo "1515"]
[BlackElo "1587"]
[PlyCount "73"]

1. d4 Nf6 2. Nf3 d5 3. Bf4 Bf5 4. e3 a6 5. Bd3 Bg6 6. h3 Ne4 7. O-O Nc6 8. Ne5
Nxe5 9. Bxe5 f6 10. Bh2 e6 11. Nd2 Bd6 12. Bxd6 Qxd6 13. Nxe4 dxe4 14. Be2
O-O-O 15. Bh5 e5 16. Bxg6 hxg6 17. Qg4+ f5 18. dxe5 fxg4 19. exd6 gxh3 20. dxc7
Rd2 21. Rac1 hxg2 22. Kxg2 Kxc7 23. Rfd1 Rhd8 24. Rxd2 Rxd2 25. Kf1 Rd6 26. Ke2
g5 27. Rd1 Rf6 28. Rd5 Rc6 29. Kd2 Rd6 30. Rd4 Rxd4+ 31. exd4 Kd6 32. c4 Ke6
33. Ke3 Kf5 34. b3 g6 35. a3 g4 36. b4 b5 37. c5 1-0

[Event "Tournoi Skype 026A"]
[Site "Skype"]
[Date "????.??.??"]
[Round "6.24"]
[White "Bankhede, Shivkumar"]
[Black "Hilton, Stephen"]
[Result "0-1"]
[WhiteElo "1377"]
[BlackElo "1799"]
[PlyCount "62"]

1. e4 Nf6 2. Nc3 d5 3. d3 dxe4 4. Nxe4 Nxe4 5. dxe4 Qxd1+ 6. Kxd1 Nc6 7. Nf3
Bg4 8. Be2 O-O-O+ 9. Bd2 Bxf3 10. Bxf3 e6 11. Re1 Bc5 12. Rf1 Rd7 13. c3 Rhd8
14. Ke1 Rxd2 15. Rd1 Rxb2 16. Bh5 g6 17. Bg4 Ne5 18. Rxd8+ Kxd8 19. Be2 Rxa2
20. f3 Ra1+ 21. Bd1 Nd3+ 22. Kd2 Nb2 23. Be2 Rxf1 24. Bxf1 Na4 25. g4 Nb6 26.
h4 a5 27. Kc2 a4 28. Kb2 a3+ 29. Kb3 Nd7 30. f4 Nf6 31. e5 Nxg4 0-1

[Event "Tournoi Skype 026A"]
[Site "Skype"]
[Date "????.??.??"]
[Round "6.25"]
[White "Calderon, Francisco"]
[Black "Lucena Vaz, Jose"]
[Result "1-0"]
[WhiteElo "1674"]
[BlackElo "1510"]
[PlyCount "109"]

1. e4 g6 2. d4 Bg7 3. Nf3 Nf6 4. e5 Nd5 5. c4 Nb6 6. Nc3 d6 7. b4 dxe5 8. dxe5
Qxd1+ 9. Nxd1 Bg4 10. Bb2 Na4 11. Be2 Nxb2 12. Nxb2 Nc6 13. Nd3 Rd8 14. b5 Na5
15. Rc1 Bxf3 16. gxf3 Rd4 17. Rc2 Rxc4 18. Rxc4 Nxc4 19. f4 Nb6 20. Bf3 a6 21.
Bxb7 a5 22. Bc6+ Kf8 23. Nc5 e6 24. Na6 Ke7 25. Ke2 Bh6 26. Kf3 Rd8 27. Ke3
Nc4+ 28. Ke4 Rd2 29. Rc1 Nb2 30. Ke3 Rd3+ 31. Ke2 Rd4 32. Rc2 Nc4 33. Nc5 Bxf4
34. Nb3 Re4+ 35. Bxe4 Nxe5 36. Rxc7+ Nd7 37. Ra7 Bxh2 38. Bc6 Kf6 39. Bxd7 Bd6
40. Rxa5 Bc7 41. Ra6 Kf5 42. Nd4+ Ke5 43. Nf3+ Kf4 44. Ra4+ Kf5 45. Rc4 Bb6 46.
Be8 Kf6 47. Rc6 Bd8 48. a4 Ke7 49. Bxf7 Kxf7 50. b6 Bxb6 51. Rxb6 Ke7 52. a5
Kd7 53. a6 Kc7 54. Rb2 h5 55. a7 1-0

[Event "Tournoi Skype 026A"]
[Site "Skype"]
[Date "????.??.??"]
[Round "6.26"]
[White "Grib, Johannes"]
[Black "Aceituno, Stebe"]
[Result "0-1"]
[WhiteElo "1530"]
[BlackElo "1593"]
[PlyCount "60"]

1. d4 Nf6 2. e3 g6 3. f4 Bg7 4. c3 d5 5. Nf3 O-O 6. Ne5 Bf5 7. Be2 Nbd7 8. g4
Be6 9. Nd2 Nxe5 10. fxe5 Nd7 11. h3 f5 12. exf6 Nxf6 13. Nf3 Ne4 14. Rg1 c5 15.
h4 cxd4 16. exd4 Bf7 17. Ng5 Qc7 18. Nxe4 dxe4 19. h5 Qh2 20. Be3 e5 21. hxg6
Bxg6 22. Qb3+ Kh8 23. O-O-O exd4 24. Bxd4 Bxd4 25. cxd4 Rac8+ 26. Bc4 Qf4+ 27.
Kb1 b6 28. Qc3 e3+ 29. Ka1 Qf6 30. Rdf1 Qxf1+ 0-1

[Event "Tournoi Skype 026A"]
[Site "Skype"]
[Date "????.??.??"]
[Round "6.27"]
[White "Vello, Pablo"]
[Black "Ramirez Reina, Orlando"]
[Result "0-1"]
[WhiteElo "1581"]
[BlackElo "1476"]
[PlyCount "80"]

1. d4 Nf6 2. Nc3 d5 3. Bf4 a6 4. Qd2 e6 5. O-O-O Bb4 6. f3 c6 7. e3 Qa5 8. Nge2
Nbd7 9. Kb1 Bxc3 10. Nxc3 b5 11. Bd6 b4 12. Ne2 c5 13. Nc1 Qb6 14. dxc5 Nxc5
15. Bxc5 Qxc5 16. Qd4 Qc7 17. Qxb4 Rb8 18. Qa3 Qb6 19. Rd3 Qc7 20. Rb3 Rxb3 21.
Nxb3 Qa7 22. Qc5 Qxc5 23. Nxc5 a5 24. Ba6 O-O 25. Bxc8 Rxc8 26. Nb7 a4 27. Nd6
Rb8 28. Nb5 Rxb5 29. Rd1 Kf8 30. Rd4 Ra5 31. Rb4 Ke7 32. g4 e5 33. h4 Nd7 34.
h5 Kd6 35. g5 g6 36. hxg6 hxg6 37. Rh4 Ke6 38. e4 dxe4 39. fxe4 Nc5 40. Kc1 Rb5
0-1

[Event "Tournoi Skype 026A"]
[Site "Skype"]
[Date "????.??.??"]
[Round "6.28"]
[White "Alvarez, Juan Evangelista"]
[Black "Pouteau, Pascal"]
[Result "1-0"]
[WhiteElo "1535"]
[BlackElo "1441"]
[PlyCount "61"]

1. d4 d5 2. Qd3 Nf6 3. Nc3 Nc6 4. Bf4 Bg4 5. O-O-O e6 6. Nf3 Bb4 7. Nb5 Ba5 8.
Ne5 Bf5 9. Qa3 Qe7 10. Qa4 Qb4 11. Qxb4 Nxb4 12. Nd3 Nxd3+ 13. exd3 c6 14. Nc7+
Bxc7 15. Bxc7 Rc8 16. Bg3 b5 17. Be5 Ng4 18. Rd2 f6 19. Bd6 Kd7 20. Bc5 a5 21.
h3 Nh6 22. g4 Bg6 23. Rg1 Nf7 24. f4 Nd8 25. h4 Rb8 26. Bh3 b4 27. f5 Bf7 28.
g5 a4 29. gxf6 gxf6 30. Rg7 Rb7 31. fxe6+ 1-0